LIBRARY & INFORMATION CENTRE, KCAET, TAVANUR

ONLINE PUBLIC ACCESS CATALOGUE (OPAC)

New market oriented instruments for environmental policies / (Record no. 172)

MARC details
000 -LEADER
fixed length control field 00635cam a2200229ua 4500
003 - CONTROL NUMBER IDENTIFIER
control field OSt
008 - FIXED-LENGTH DATA ELEMENTS--GENERAL INFORMATION
fixed length control field 250823b |||||||| |||| 00| 0 eng d
020 ## - INTERNATIONAL STANDARD BOOK NUMBER
ISBN 1-85333-623-8
041 ## - LANGUAGE CODE
Language code of text/sound track or separate title eng
082 ## - DEWEY DECIMAL CLASSIFICATION NUMBER
Classification number 628
Item number HUP/NE
100 ## - MAIN ENTRY--AUTHOR NAME
Personal name Huppes, G.
245 ## - TITLE STATEMENT
Title New market oriented instruments for environmental policies /
250 ## - EDITION STATEMENT
Edition statement 1 /
260 ## - PUBLICATION, DISTRIBUTION, ETC. (IMPRINT)
Place of publication :
Name of publisher Graham & Trotman ,
Year of publication 1992.
300 ## - PHYSICAL DESCRIPTION
Number of Pages 200 ; .
490 0# - SERIES STATEMENT
Series statement European communities environmental policy series,
700 1# - ADDED ENTRY--PERSONAL NAME
Personal name Maxson, P.
700 1# - ADDED ENTRY--PERSONAL NAME
Personal name Naald, van der W.
700 1# - ADDED ENTRY--PERSONAL NAME
Personal name Voet, van der E.
700 1# - ADDED ENTRY--PERSONAL NAME
Personal name Vonkeman, G.
942 ## - ADDED ENTRY ELEMENTS (KOHA)
Koha item type Books
Holdings
Withdrawn status Lost status Damaged status Home library Current library Date acquired Full call number Accession Number Koha item type Cost, normal purchase price Public note
      KAUAET KAUAET 07/04/2012 628 HUP/NE 19788 Books    
Withdrawn     KAUAET Malayalam University 14/11/2023 628 HUP/NE 8533 Books 4.50 Transferred to Malayalam University
Withdrawn     KAUAET Malayalam University 14/11/2023 628 HUP/NE 8534 Books 4.50 Transferred to Malayalam University
free website counter